| 000 | 00511nam a2200181Ia 4500 | ||
|---|---|---|---|
| 999 |
_c29765 _d29765 |
||
| 003 | OSt | ||
| 005 | 20201123102602.0 | ||
| 008 | 190216s9999||||xx |||||||||||||| ||und|| | ||
| 020 | _a9780143063780 | ||
| 040 | _coclc | ||
| 082 |
_a920 _bOAM/A |
||
| 100 |
_aOamveth, Geyil _96832 |
||
| 245 | 0 |
_aAmbedkar Oru Prabudha Indiakkayi / _cGeyil Oamveth |
|
| 260 |
_bManorama Penguin, _c2010. _aNew Delhi: |
||
| 300 | _a187p | ||
| 650 | _aOormakurip | ||
| 942 |
_cBK _2ddc _h920 _iOAM/A _k920 _mOAM/A |
||